The human brain coloring book /

This book is about: General introduction; Basis and character of nervous system function; Early development of the central nervous system; Spignal cord; ...

Sparad:
Bibliografiska uppgifter
Huvudupphovsman: Diamond, Marian Cleeves.
Övriga upphovsmän: Scheibel, Arnold B., Elson, Lawrence M.
Materialtyp: Bok
Språk:English
Publicerad: New York : Barnes and Noble Books, 1985.
Ämnen:
Taggar: Lägg till en tagg
Inga taggar, Lägg till första taggen!
Thư viện lưu trữ: Mạng thư viện Đại học Đà Nẵng
LEADER 01204cam a2200397 i 4500
001 000048724
003 8448
005 20030312111843.0
008 010324|1985 vm 000 eng
020 |a 0064603067 
040 |a IRC  |c IRC  |d IRC 
041 0 |a eng 
082 1 4 |a 611.81  |b DI-M 
100 1 |a Diamond, Marian Cleeves. 
245 0 4 |a The human brain coloring book /  |c Marian C. Diamond, Arnold B. Scheibel, Lawrence M. Elson. 
260 |a New York :  |b Barnes and Noble Books,  |c 1985. 
300 |a 301 p. ;  |c 28cm. 
520 3 |a This book is about: General introduction; Basis and character of nervous system function; Early development of the central nervous system; Spignal cord; ... 
630 0 4 |a Brain. 
630 0 4 |a Anatomy. 
630 0 4 |a Atlases. 
650 0 4 |a Brain  |x Anatomy  |v Atlases. 
650 0 4 |a Coloring books. 
650 0 4 |a Brain  |x Anatomy and histology  |v Atlases. 
700 1 |a Scheibel, Arnold B. 
700 1 |a Elson, Lawrence M. 
OWN |a DUT 
999 |a From the UDN01 
TYP |a Monograph 
TYP |a Printed language 
980 |a Mạng thư viện Đại học Đà Nẵng